00426pab a2200145 454500008004000000100002100040245008000061260000900141300001300150362000800163650002800171650003600199650002000235773002500255180718b1996 xxu||||| |||| 00| 0 eng d aSharp, Elaine B. aCulture wars and city politicsblocal government's role in social conflict. c1996 ap.738-58 aJul aCulture - United States aSocial conflict - United States aSocial problems aUrban Affairs Review